000 00712cam a2200229u 4500
001 22368
003 BD-RjUL
005 20211209000810.0
008 140308r19531914enk 000 0 eng
035 _a(BD-RjUL)22433
040 _aDLC
_cCarP
_dDLC
_dBD-RjUL
_beng
041 _aeng
082 _a824.08
_bEDA 1953
100 1 _aEdwards, S. L.,
_dactive 1929,
_969062
245 1 3 _aAn anthology of English prose from Bede to R.L.S. /
_carranged by S L Edwards.
260 _aLondon ;
_aNew York :
_bJ. M. Dent ;
_bE. P. Dutton & co.
_c[Reprinted 1953].
300 _axvi, 400 p. ;
_c19 cm.
650 0 _aEnglish prose literature.
_969063
942 _2ddc
_cBK
999 _c22368
_d22368